000 00957nam a22002417a 4500
005 20180806130853.0
008 080630t xxu||||| |||| 00| 0 hin d
010 _a
020 _c125.00
_a8188140538
035 _aB-186834, B-186833
037 _bDBAD / PUB
040 _aDPL
_bHN
082 _a523.43
100 _aओझा, डी.डी.
_947182
245 _aजानिए मंगल ग्रह को /
_c डी.डी.ओझा
246 _a
_b
260 _aनई दिल्ली
_bविद्या विहार
_c2005
270 _a
_b
_e
300 _a103पृ
_c22सेमी(सजिल्द)
_bसचित्र
490 _aलोकप्रिय विज्ञान माला
942 _cHN
_2ddc
_h523.43
_mओझाडी
999 _c66720
_d66720